000 00740nam a22001337a 4500
040 _cRUA
082 _aFIS NGY 2003 B175 Or.1
100 _aNGY VICHET; ងី វិចិត្រ
245 _aThe semi-artifcial breeding of snake skin gourami(Trichogaster pectoralis) at the royal university of agriculture, ការបង្កាត់ត្រីកន្ធរ តាមលក្ខណៈពាក់កណ្ដាល សិប្បនិម្មិត នៅសាកលវិទ្យាល័យភូមិន្ទកសិកម្ម.
260 _aPhnom Penh
_bRUA
_c2003
300 _aiv; 30p.
_bill.
_c29cm.
856 _uhttps://drive.google.com/file/d/1KV7_IW3xTLFaNL1WTBlHvrEGOGQu57Bc/view?usp=sharing
942 _cFIS
999 _c3877
_d3877